000 00693nam a22002297a 4500
005 20170124110054.0
010 _a935066
020 _c35.00
035 _a935066
037 _bCen Lib/Ret
040 _aDPL
_bEN
082 _a658
_bROB
100 _aRobbins, Stephen P.
_9101900
245 _aThe administrative process :
_cby Stephen P. Robbins
_bintegrating theory and practice /
260 _aNew Delhi
_bPrintice-Hall of India
_c1978
270 _bNew Delhi
_aM-97, Cannaught Circus
_e110001
300 _axvii,494p. :
_c24cm(Hb)
_bill.
500 _aIncludes index
650 _aManagement
_93072
650 _aAdministration
_94825
942 _2ddc
_cEN
_h658
_mROB
999 _c129340
_d129340